[Event "DEN-ch Seniors 65+"]
[Site "Logumkloster"]
[Date "2017.02.15"]
[Round "4"]
[White "Rasmussen, Knud Aage"]
[Black "Palm, Eivind"]
[Result "1-0"]
[WhiteElo "1795"]
[BlackElo "1848"]
[PlyCount "121"]
[EventDate "2017.02.12"]
[EventType "swiss"]
[EventRounds "7"]
[EventCountry "DEN"]
[SourceTitle "EXT 2018"]
[Source "ChessBase"]
[SourceDate "2017.10.13"]
[SourceVersion "1"]
[SourceVersionDate "2017.10.13"]
[SourceQuality "1"]

1. c4 e5 2. Nc3 Nf6 3. g3 d5 4. cxd5 Nxd5 5. Bg2 Be6 6. Nf3 Nxc3 7. bxc3 Nd7 8. 0-0 c5 9. d4 cxd4 10. cxd4 f6 11. dxe5 fxe5 12. Qa4 Qf6 13. Bb2 b5 14. Qe4 Rc8 15. Bxe5 Nxe5 16. Qxe5 Qxe5 17. Nxe5 Bd6 18. Nc6 a6 19. Nd4 Bc4 20. Bc6+ Kf7 21. Bb7 Rb8 22. Bf3 Rb6 23. Rfd1 Ba3 24. Nc2 Bb2 25. Rab1 Bc3 26. Nb4 Bxb4 27. Rxb4 Bxa2 28. Rd7+ Ke8 29. Rxg7 Bc4 30. Rb2 Rf8 31. Rxh7 Rff6 32. Ra7 Rfd6 33. h4 b4 34. Rc7 Be6 35. Ra7 b3 36. h5 Bd7 37. g4 Rd1+ 38. Kg2 Rc1 39. g5 Rc2 40. Rb1 b2 41. h6 Bf5 42. Bh5+ Kf8 43. Rf7+ Kg8 44. Rxf5 Rc1 45. Rxb2 Rxb2 46. g6 Rc8 47. g7 Kh7 48. Bf7 Rbb8 49. g8Q+ Rxg8+ 50. Bxg8+ Rxg8+ 51. Kf3 Kxh6 52. Rf6+ Rg6 53. Rxg6+ Kxg6 54. Ke3 Kf5 55. Kd4 Ke6 56. e4 a5 57. Kc5 Ke5 58. f3 a4 59. Kb4 Kf4 60. Kxa4 Kxf3 61. e5 1-0

[Event "DEN-ch Seniors 65+"]
[Site "Logumkloster"]
[Date "2017.02.12"]
[Round "1"]
[White "Hartung Nielsen, Jens"]
[Black "Rasmussen, Knud Aage"]
[Result "1-0"]
[WhiteElo "2174"]
[BlackElo "1795"]
[PlyCount "53"]
[EventDate "2017.02.12"]
[EventType "swiss"]
[EventRounds "7"]
[EventCountry "DEN"]
[SourceTitle "EXT 2018"]
[Source "ChessBase"]
[SourceDate "2017.10.13"]
[SourceVersion "1"]
[SourceVersionDate "2017.10.13"]
[SourceQuality "1"]

1. d4 Nf6 2. Nf3 g6 3. c4 Bg7 4. Nc3 d6 5. e4 0-0 6. Be2 e5 7. Be3 Nc6 8. d5 Ne7 9. Nd2 Ne8 10. c5 f5 11. f3 a6 12. Nc4 f4 13. Bf2 Bd7 14. Qb3 Rb8 15. cxd6 Nxd6 16. Nxd6 cxd6 17. Bb6 Qc8 18. Rc1 Be8 19. a4 Qd7 20. Nb5 Rc8 21. Kd2 Bf7 22. Nc7 Nc6 23. dxc6 Qxc7 24. Bxc7 Bxb3 25. cxb7 Rxc7 26. Rxc7 Be6 27. Rhc1 1-0

[Event "Fyn-ch"]
[Site "Odense"]
[Date "2010.02.25"]
[Round "5"]
[White "Rasmussen, Knud Aage"]
[Black "Munk, Kris"]
[Result "1-0"]
[WhiteElo "1855"]
[BlackElo "2017"]
[PlyCount "151"]
[EventDate "2010.01.14"]
[EventType "swiss"]
[EventRounds "7"]
[EventCountry "DEN"]
[SourceTitle "EXT 2018"]
[Source "ChessBase"]
[SourceDate "2017.10.13"]
[SourceVersion "1"]
[SourceVersionDate "2017.10.13"]
[SourceQuality "1"]

1. c4 g6 2. g3 Bg7 3. Bg2 c6 4. Nc3 Nf6 5. e4 e5 6. Nge2 0-0 7. 0-0 d6 8. a3 a5 9. h3 Be6 10. b3 Nfd7 11. d4 exd4 12. Nxd4 Qe7 13. Bb2 Na6 14. Nxe6 fxe6 15. Qc2 Rad8 16. Rad1 Ndc5 17. Rfe1 e5 18. Bc1 Ne6 19. Be3 Nd4 20. Bxd4 exd4 21. Ne2 c5 22. Nf4 Nc7 23. h4 g5 24. hxg5 Qxg5 25. Qe2 Rde8 26. Qh5 Qxh5 27. Nxh5 Bh6 28. f4 b5 29. Bf1 b4 30. a4 Re7 31. Bh3 Ne8 32. Bf5 Ng7 33. Nxg7 Bxg7 34. Kf2 h6 35. Rh1 Kf7 36. Kf3 Rh8 37. Rh5 Bf6 38. Bg4 Kg7 39. Rd5 Rd8 40. e5 Rxe5 41. fxe5 Bxe5 42. Bf5 Kf6 43. g4 h5 44. Rh1 hxg4+ 45. Bxg4 Rf8 46. Ke2 Re8 47. Rf1+ Kg5 48. Bf3 Kh4 49. Kd3 Kg3 50. Be4 Kg4 51. Rf7 Rh8 52. Bh7 Kg5 53. Ke4 Kh6 54. Bf5 Kg5 55. Kd3 Rh2 56. Bh7 Rb2 57. Rf5+ Kh6 58. Bg8 Rxb3+ 59. Kd2 Ra3 60. Rdxe5 dxe5 61. Rxe5 Rxa4 62. Rxc5 b3 63. Rb5 Ra2+ 64. Kd3 a4 65. c5 Rc2 66. Kxd4 b2 67. Ba2 Kg7 68. Rb4 Rh2 69. Kd5 Kf8 70. Rxa4 Ke7 71. Kc6 Rh6+ 72. Kb5 Kd8 73. c6 Rh3 74. Rb4 Rh2 75. Kb6 Kc8 76. Be6+ 1-0

[Event "Fyn-ch"]
[Site "Odense"]
[Date "2008.02.21"]
[Round "5"]
[White "Rasmussen, Knud Aage"]
[Black "Kiel, Jorgen"]
[Result "1-0"]
[WhiteElo "1741"]
[BlackElo "1621"]
[PlyCount "59"]
[EventDate "2008.01.10"]
[EventType "swiss"]
[EventRounds "7"]
[EventCountry "DEN"]
[SourceTitle "EXT 2018"]
[Source "ChessBase"]
[SourceDate "2017.10.13"]
[SourceVersion "1"]
[SourceVersionDate "2017.10.13"]
[SourceQuality "1"]

1. Nf3 d5 2. g3 Nf6 3. Bg2 g6 4. c4 Bg7 5. 0-0 0-0 6. cxd5 Nxd5 7. d4 c6 8. e4 Nb6 9. Nc3 Bg4 10. Be3 Qc8 11. Qb3 N8d7 12. h3 Bxf3 13. Bxf3 e6 14. Rac1 Nf6 15. Rfd1 Rd8 16. a4 Qc7 17. d5 exd5 18. exd5 c5 19. Nb5 Qe5 20. d6 c4 21. Qc2 Nfd5 22. Bd4 Qe6 23. Bxg7 Kxg7 24. Bxd5 Nxd5 25. Qxc4 Nf6 26. Qxe6 fxe6 27. Nc7 Kf7 28. Nxa8 Rxa8 29. Rc7+ Kf8 30. d7 1-0

[Event "Fyn-ch"]
[Site "Odense"]
[Date "2008.01.24"]
[Round "2"]
[White "Kuntz, Jan"]
[Black "Rasmussen, Knud Aage"]
[Result "1/2-1/2"]
[WhiteElo "1907"]
[BlackElo "1741"]
[PlyCount "131"]
[EventDate "2008.01.10"]
[EventType "swiss"]
[EventRounds "7"]
[EventCountry "DEN"]
[SourceTitle "EXT 2018"]
[Source "ChessBase"]
[SourceDate "2017.10.13"]
[SourceVersion "1"]
[SourceVersionDate "2017.10.13"]
[SourceQuality "1"]

1. c4 e5 2. g3 f5 3. Bg2 Nf6 4. Nc3 Be7 5. d3 c6 6. e4 d6 7. Nge2 0-0 8. 0-0 Na6 9. h3 Nc7 10. f4 g6 11. Be3 Be6 12. exf5 gxf5 13. b3 Nce8 14. b4 Nd7 15. a4 Nef6 16. b5 d5 17. fxe5 Nxe5 18. Nf4 Bf7 19. cxd5 cxd5 20. Bd4 Ng6 21. Qb3 Nxf4 22. Rxf4 Qd7 23. g4 Ne4 24. dxe4 dxe4 25. Qd1 Rad8 26. Be3 Qxd1+ 27. Rxd1 Bg5 28. Rxd8 Rxd8 29. gxf5 Bxf4 30. Bxf4 e3 31. Bxb7 Rd3 32. Ne4 Rd1+ 33. Kg2 e2 34. Bg3 e1Q 35. Bxe1 Rxe1 36. a5 Be8 37. Bd5+ Kf8 38. b6 axb6 39. axb6 Rb1 40. b7 Bf7 41. Bc6 Be8 42. Bxe8 Rxb7 43. Bc6 Rb6 44. Bd5 Kg7 45. Kg3 Ra6 46. Kf4 Rh6 47. Kg4 Rb6 48. h4 h6 49. Be6 Rb4 50. f6+ Kg6 51. h5+ Kh7 52. Bf5+ Kg8 53. Bg6 Rb5 54. f7+ Kg7 55. Kf4 Rd5 56. Nf6 Rd8 57. Ke5 Rd1 58. Ke6 Rf1 59. Nd5 Re1+ 60. Kd6 Rd1 61. Ke5 Re1+ 62. Kf5 Rf1+ 63. Nf4 Kf8 64. Ke5 Re1+ 65. Kf5 Rf1 66. Ke5 1/2-1/2